[Event "AUTO-INT-2859"]
[Site "http://www.queenalice.com/game.php?id=1284171"]
[Date "2014.5.26"]
[Round "1"]
[White "Mariojose"]
[Black "cerebro"]
[Result "0-1"]
[WhiteElo "1601"]
[BlackElo "1840"]

1. e4 e5 2. Nf3 Nc6 3. Bb5 Nf6 4. Nc3 Bb4 5. Bxc6 dxc6 6. Nxe5 Qd4 7. O-O Qxe5
8. d4 Qe6 9. h3 Nxe4 10. Nxe4 Qxe4 11. c3 O-O 12. cxb4 Qg6 13. Qf3 Bd7 14. Qg3
Rac8 15. Qxg6 fxg6 16. Bd2 b5 17. b3 Rce8 18. Rae1 Rxe1 19. Rxe1 a6 20. Kh2 Rxf2
21. Kg1 Rxd2 22. Re7 Rxd4 23. Kh2 Kf8 24. Re2 Rxb4 25. Rf2+ Bf5 26. Rf1 h5 27.
Rd1 Ke7 28. Re1+ Be6 29. Re2 c5 30. Re3 a5 31. Re5 c4 32. Rc5 Kd6 33. Rg5 cxb3
34. axb3 Bf5 35. Rg3 a4 36. bxa4 bxa4 37. Ra3 c5 38. Kg3 c4 39. Kh2 Bd7 40. Rc3
Kd5 41. Rc2 a3 42. Rd2+ Kc6 43. Ra2 Rb3 0-1

[Event "Challenge"]
[Site "http://www.queenalice.com/game.php?id=1291036"]
[Date "2014.6.28"]
[Round "-"]
[White "antoniozla"]
[Black "cerebro"]
[Result "0-1"]
[WhiteElo "1502"]
[BlackElo "1857"]

1. e4 e5 2. Nf3 Nc6 3. Bb5 Bc5 4. d3 Nf6 5. Bg5 O-O 6. O-O d5 7. exd5 Qxd5 8.
Bxc6 Qxc6 9. Nxe5 Qd5 10. Bxf6 gxf6 11. Ng4 Bd4 12. c3 Qg5 13. h3 f5 14. Nh2 Bg7
15. Nf3 Qg6 16. Nbd2 f4 17. Kh1 Qxd3 18. Re1 Bf6 19. Ne4 Qa6 20. Nxf6+ Qxf6 21.
Qd4 Qh6 22. Qxf4 Qxf4 23. Rad1 Bxh3 0-1

[Event "Challenge"]
[Site "http://www.queenalice.com/game.php?id=1291043"]
[Date "2014.6.28"]
[Round "-"]
[White "Leovitor"]
[Black "cerebro"]
[Result "1/2-1/2"]
[WhiteElo "1593"]
[BlackElo "1859"]

1. e4 e5 2. Nf3 Nc6 3. d4 Nf6 4. Nc3 d5 5. exd5 Nxd5 6. Nxd5 Qxd5 7. dxe5 Qe4+
8. Qe2 Bf5 9. Qxe4 Bxe4 10. Bb5 Bxc2 11. O-O Be4 12. Be2 Be7 13. Be3 O-O 14.
Rac1 a5 15. Nd2 1/2-1/2

[Event "Challenge"]
[Site "http://www.queenalice.com/game.php?id=1294648"]
[Date "2014.7.14"]
[Round "-"]
[White "albuquerque_d"]
[Black "cerebro"]
[Result "0-1"]
[WhiteElo "1500"]
[BlackElo "1846"]

1. e3 e5 2. Qh5 Nc6 3. Bc4 d5 4. Bb5 Nf6 5. Qxe5+ Be7 6. Nf3 O-O 7. Qc3 Bd7 8.
h4 Ne4 9. Qd3 Nb4 10. Qb3 Bxb5 11. d3 Nf6 12. Bd2 a5 13. c4 a4 14. Qd1 dxc4 15.
Nc3 Nxd3+ 16. Kf1 c6 17. Nd4 Nxb2 18. Qc2 a3 19. Ncxb5 cxb5 20. Nxb5 Ng4 21. Rh3
Qb6 22. Rg3 h5 23. Qf5 g6 24. Qf4 Qxb5 25. Bc3 Bxh4 26. Rxg4 Nd3 27. Qh6 Ne5 28.
f4 Bf6 29. Qxh5 Nxg4 30. Qxb5 Bxc3 31. Rc1 Bb2 0-1

[Event "Challenge"]
[Site "http://www.queenalice.com/game.php?id=1298838"]
[Date "2014.8.2"]
[Round "-"]
[White "cerebro"]
[Black "Edmorf"]
[Result "1-0"]
[WhiteElo "1848"]
[BlackElo "1829"]

1. e4 e5 2. Nf3 d5 3. Nxe5 dxe4 4. Nc3 Qf6 5. d4 Bb4 6. Bd2 Bxc3 7. Bxc3 Ne7 8.
Bc4 Be6 9. Bxe6 Qxe6 10. O-O O-O 11. Qe2 Qf5 12. Bb4 Re8 13. f3 Nbc6 14. fxe4
Qg5 15. Nxf7 Nxd4 16. Qc4 Qe3+ 17. Kh1 b5 18. Qxc7 Ng6 19. Nd6 Rf8 20. Nf5 Nxf5
21. Bxf8 Qxe4 22. Rxf5 Rxf8 23. Rxf8+ Nxf8 24. Qc3 h6 25. Qb3+ Kh8 26. Qa3 Ne6
27. Qe7 a5 28. Rf1 Qc4 29. Qf7 a4 30. a3 Qe2 31. c3 Qc4 32. Re1 Nf4 33. Qf5 Ne2
34. Rd1 Qc7 35. Rd7 Qc8 36. Qd3 Qxd7 37. Qxd7 Nf4 38. Qxb5 Kh7 39. Qxa4 Ng6 40.
Qe4 h5 41. a4 Kh6 42. a5 Nf8 43. Qf4+ Kg6 44. Qxf8 Kg5 45. a6 g6 46. h4+ Kg4 47.
Qf3+ Kxh4 48. Qf4# 1-0

[Event "Challenge"]
[Site "http://www.queenalice.com/game.php?id=1325772"]
[Date "2014.12.2"]
[Round "-"]
[White "cerebro"]
[Black "Knighthawk"]
[Result "0-1"]
[WhiteElo "1866"]
[BlackElo "1615"]

1. e4 e5 2. Nf3 Nc6 3. Bc4 h6 4. O-O d6 5. Nc3 Nf6 6. d4 Nxd4 7. Nxd4 exd4 8.
Qxd4 Be7 9. e5 c5 10. Qf4 dxe5 11. Qxe5 O-O 12. Qg3 g5 13. Be3 Bf5 14. Rad1 Qc8
15. Qe5 Qe8 16. Qxf5 Qc6 17. Qe5 Rfe8 18. Bb5 Qe6 19. Qxe6 fxe6 20. Bxe8 Rxe8
21. Rfe1 e5 22. Bc1 Ng4 23. Nd5 Bd6 24. Nf6+ Nxf6 25. Rxd6 Kg7 26. b3 Kg6 27.
Bb2 Kh5 0-1

[Event "AUTO-ADV-3343"]
[Site "http://www.queenalice.com/game.php?id=1337564"]
[Date "2015.1.27"]
[Round "1"]
[White "ALDROB"]
[Black "cerebro"]
[Result "0-1"]
[WhiteElo "1763"]
[BlackElo "1884"]

1. b4 e5 2. Bb2 Bxb4 3. Bxe5 Nf6 4. e3 Nc6 5. Bb2 O-O 6. c3 Ba5 7. d4 d5 8. Nf3
Bg4 9. Nbd2 Ne4 10. Rc1 Qf6 11. Be2 Qg6 12. Rg1 a6 13. h3 Bxf3 14. Nxf3 Rae8 15.
Nh4 Qf6 16. Nf3 b5 17. Rc2 Ra8 18. Bd3 b4 19. Bxe4 dxe4 20. Nh2 bxc3 21. Bxc3
Bb6 22. d5 Ne5 23. Ng4 Nd3+ 24. Ke2 Qd6 25. Qa1 f6 26. f3 Qxd5 27. Bxf6 gxf6 28.
Nxf6+ Rxf6 29. Qxf6 Rf8 30. Qe7 Nb4 31. Rd2 Qb5+ 32. Kf2 Nd3+ 33. Kg3 Qe5+ 34.
Qxe5 Nxe5 35. Re1 exf3 36. gxf3 Nxf3 0-1

[Event "AUTO-ADV-3343"]
[Site "http://www.queenalice.com/game.php?id=1337565"]
[Date "2015.1.27"]
[Round "1"]
[White "cerebro"]
[Black "ALDROB"]
[Result "1-0"]
[WhiteElo "1837"]
[BlackElo "1800"]

1. e4 c5 2. Bc4 e6 3. Nf3 Nc6 4. O-O Nf6 5. e5 Ng4 6. d3 Be7 7. Bf4 f6 8. exf6
Bxf6 9. c3 O-O 10. Na3 d5 11. Bb3 e5 12. Bg5 Qd6 13. Nb5 Qd7 14. c4 a6 15. cxd5
axb5 16. dxc6+ 1-0

[Event "AUTO-ADV-3343"]
[Site "http://www.queenalice.com/game.php?id=1337578"]
[Date "2015.1.27"]
[Round "1"]
[White "Betim_Xadrez"]
[Black "cerebro"]
[Result "0-1"]
[WhiteElo "1802"]
[BlackElo "1910"]

1. e4 e5 2. Nf3 Nc6 3. Bc4 Nh6 4. Nc3 Bb4 5. O-O O-O 6. d4 exd4 7. Nxd4 Ne5 8.
Bb3 Neg4 9. h3 Ne5 10. Bxh6 gxh6 11. Qh5 Qg5 12. Qxg5+ hxg5 13. Nd5 Bc5 14. c3
c6 15. Ne3 Bxd4 16. cxd4 Nd3 17. Rab1 Nf4 18. Rbd1 Ne2+ 19. Kh1 Nf4 20. Kh2 d6
21. e5 d5 22. Bc2 b6 23. Rc1 Ne2 24. Rcd1 Ba6 25. Rfe1 Nf4 26. Nf5 Bc4 27. g3
Ng6 28. b3 Ba6 29. Nh6+ Kh8 30. e6 fxe6 31. Rxe6 Rxf2+ 32. Kh1 Rxc2 33. Nf7+ Kg7
34. Nxg5 h6 35. Nf3 Rf8 36. Re3 Be2 37. Rxe2 Rxe2 38. Rf1 Rxa2 39. Kg1 a5 40.
Ne5 Nxe5 41. Rxf8 Kxf8 42. dxe5 Ke7 43. Kf1 Ke6 44. g4 Kxe5 45. h4 Kf4 46. g5
hxg5 47. h5 Kf5 48. Kg1 d4 49. h6 Kg6 50. h7 Kxh7 51. Kf1 g4 52. Kg1 d3 53. Kf1
g3 54. b4 g2+ 55. Kg1 d2 56. Kxg2 d1=Q+ 57. Kh3 Qd4 58. bxa5 Ra3+ 59. Kg2 Qd2+
0-1

[Event "AUTO-ADV-3343"]
[Site "http://www.queenalice.com/game.php?id=1337579"]
[Date "2015.1.27"]
[Round "1"]
[White "cerebro"]
[Black "Betim_Xadrez"]
[Result "1-0"]
[WhiteElo "1867"]
[BlackElo "1883"]

1. e4 e5 2. Nf3 Nc6 3. Bc4 Bc5 4. O-O Nf6 5. Nc3 O-O 6. d3 Nd4 7. Nxe5 d6 8. Na4
b5 9. Bxf7+ Rxf7 10. Nxf7 Kxf7 11. Nxc5 dxc5 12. Bg5 Qd6 13. Bxf6 Qxf6 14. Qh5+
Qg6 15. Qd5+ Be6 16. Qxa8 Bh3 17. Qd5+ Ne6 18. e5 Ke7 19. Qf3 Nf4 20. g3 Bxf1
21. Kxf1 Nh3 22. Qb7 Ke6 23. Qc8+ Kxe5 24. Qxh3 c6 25. Re1+ Kd6 26. Qc8 c4 27.
Qd8+ Kc5 28. d4+ 1-0

[Event "AUTO-ADV-3343"]
[Site "http://www.queenalice.com/game.php?id=1337587"]
[Date "2015.1.27"]
[Round "1"]
[White "luiz_gustavo"]
[Black "cerebro"]
[Result "0-1"]
[WhiteElo "1807"]
[BlackElo "1852"]

1. e4 e5 2. Nf3 Nc6 3. Bb5 Nf6 4. Nc3 Bc5 5. O-O O-O 6. h3 Nd4 7. Nxd4 exd4 8.
Ne2 Nxe4 9. d3 Nd6 10. Ba4 b5 11. Bb3 Bb7 12. c3 dxc3 13. bxc3 Qf6 14. d4 Bb6
15. a4 Ne4 16. axb5 Ng5 17. c4 Qg6 18. Nf4 Nxh3+ 19. Kh2 Nxf4 20. Bxf4 Qxg2# 0-1

[Event "AUTO-ADV-3343"]
[Site "http://www.queenalice.com/game.php?id=1337588"]
[Date "2015.1.27"]
[Round "1"]
[White "cerebro"]
[Black "luiz_gustavo"]
[Result "1-0"]
[WhiteElo "1895"]
[BlackElo "1866"]

1. e4 e5 2. Nf3 Nc6 3. Bc4 h6 4. O-O Nf6 5. Nc3 Bb4 6. Nb5 a6 7. Nc3 d6 8. a3
Bxc3 9. dxc3 Nxe4 10. Qd5 Ng5 11. Bxg5 Be6 12. Bxd8 Bxd5 13. Bxd5 Rxd8 14. Bxc6+
bxc6 15. Nh4 g5 16. Nf5 f6 17. Ng7+ Kf7 18. Nf5 Ke6 19. Ne3 f5 20. Nc4 d5 21.
Na5 Rb8 22. b4 Kd6 23. g3 Rb5 24. a4 Rbb8 25. Rad1 c5 26. c4 d4 27. bxc5+ Kxc5
28. Nb3+ Kxc4 29. Na5+ Kb4 30. Nc6+ Kxa4 31. Nxb8 Rxb8 32. Ra1+ 1-0

[Event "AUTO-ADV-3343"]
[Site "http://www.queenalice.com/game.php?id=1353580"]
[Date "2015.4.14"]
[Round "2"]
[White "Corvidae"]
[Black "cerebro"]
[Result "0-1"]
[WhiteElo "1943"]
[BlackElo "1970"]

1. d4 e6 2. c4 Bb4+ 3. Bd2 Bxd2+ 4. Qxd2 Nh6 5. g3 Qf6 6. Nf3 Nc6 7. Nc3 O-O 8.
Bg2 Ng4 9. h3 Nh6 10. e4 d6 11. g4 g5 12. Rd1 Nb4 13. a3 Na6 14. Nxg5 e5 15. b4
exd4 16. Nd5 Qe5 17. Qf4 c6 18. Nf6+ Kg7 19. Qxe5 dxe5 20. Nh5+ Kg6 21. Nf3 f6
22. Rf1 c5 23. b5 Nc7 24. Kd2 Ne6 25. Kd3 a6 26. a4 axb5 27. Ra1 bxa4 28. Ra3 b6
29. Rb1 Ra6 30. Ng3 Nf4+ 31. Kd2 Nxg2 32. Ng1 Nf4 33. N3e2 Ne6 34. Nf3 Ng5 35.
Nxg5 fxg5 36. Rf1 Be6 37. Kd3 Rf3+ 0-1

[Event "AUTO-ADV-3343"]
[Site "http://www.queenalice.com/game.php?id=1353581"]
[Date "2015.4.14"]
[Round "2"]
[White "cerebro"]
[Black "Corvidae"]
[Result "1-0"]
[WhiteElo "1954"]
[BlackElo "1959"]

1. e4 c5 2. Bc4 Nc6 3. Nh3 e6 4. Nc3 Nf6 5. d3 a6 6. Bg5 Be7 7. O-O h6 8. Bxf6
Bxf6 9. Qf3 Nd4 10. Qd1 b5 11. Bb3 Bb7 12. a4 b4 13. Ne2 Nxe2+ 14. Qxe2 Bxb2 15.
Rab1 Bd4 16. Nf4 Qg5 17. Nh3 Qf6 18. a5 O-O 19. Qg4 Qg6 20. Qh4 Bf6 21. Qf4 e5
22. Qe3 d6 23. Bd5 Rab8 24. c3 Bxd5 25. exd5 Rfe8 26. cxb4 Rxb4 27. Rxb4 cxb4
28. Qb6 Qxd3 29. Qxb4 Qxd5 30. Qa4 e4 31. Qxe8+ 1-0

[Event "AUTO-ADV-3343"]
[Site "http://www.queenalice.com/game.php?id=1353584"]
[Date "2015.4.14"]
[Round "2"]
[White "cerebro"]
[Black "ErasmudoPorto"]
[Result "1-0"]
[WhiteElo "2004"]
[BlackElo "2030"]

1. e4 c6 2. d4 d5 3. Nc3 e6 4. e5 c5 5. Bb5+ Nc6 6. Nf3 Bd7 7. dxc5 Bxc5 8. O-O
Nge7 9. Na4 Bb6 10. Bg5 Nxe5 11. Bxd7+ Nxd7 12. Bxe7 Qxe7 13. Nxb6 Nxb6 14. Qd3
O-O 15. Nd4 Rac8 16. b3 a6 17. Ne2 Rc6 18. Nf4 Qf6 19. Nh3 Rc3 20. Qd2 Rfc8 21.
Rac1 d4 22. Ng5 Qg6 23. Qxd4 Nd5 24. Ne4 Nf4 25. Ng3 Qxg3 26. fxg3 Ne2+ 27. Kf2
Nxd4 28. Rfd1 1-0

[Event "AUTO-ADV-3343"]
[Site "http://www.queenalice.com/game.php?id=1353585"]
[Date "2015.4.14"]
[Round "2"]
[White "ErasmudoPorto"]
[Black "cerebro"]
[Result "0-1"]
[WhiteElo "2049"]
[BlackElo "1985"]

1. d4 e6 2. e3 Nf6 3. Bd3 Bd6 4. f4 O-O 5. Nf3 Nc6 6. c3 Nd5 7. O-O Qf6 8. e4
Nxf4 9. e5 Nxe5 10. dxe5 Bc5+ 11. Kh1 Qh6 12. g3 Qh5 13. Bxf4 b6 14. Be4 Rb8 15.
Qc2 g6 16. Nbd2 Qg4 17. Bg5 d5 18. Bd3 Bb7 19. Bh6 Rfe8 20. Ng5 Be3 21. Nxf7
Bxd2 22. Bxd2 Qh3 23. Rf6 Rf8 24. Bxg6 d4+ 25. Be4 Bxe4+ 26. Qxe4 Rxf7 27. Rxf7
Kxf7 28. Qc6 Rf8 29. cxd4 Kg8 30. Kg1 Qf5 0-1

[Event "Challenge"]
[Site "http://www.queenalice.com/game.php?id=1410929"]
[Date "2016.2.24"]
[Round "-"]
[White "cerebro"]
[Black "Zugswang"]
[Result "0-1"]
[WhiteElo "2021"]
[BlackElo "2251"]

1. e4 d6 2. Nf3 Bg4 3. Bc4 Nf6 4. Nc3 Nbd7 5. Ng5 Ne5 6. f3 Bh5 7. d3 Nxc4 8.
dxc4 h6 9. Nh3 g5 10. g4 Bg6 11. Be3 c6 12. Qe2 e5 13. O-O-O Qc7 14. c5 dxc5 15.
Qc4 b5 16. Qe2 a5 0-1

[Event "Challenge"]
[Site "http://www.queenalice.com/game.php?id=1481542"]
[Date "2017.6.7"]
[Round "-"]
[White "cerebro"]
[Black "byyonico"]
[Result "1-0"]
[WhiteElo "2014"]
[BlackElo "1718"]

1. e4 c5 2. Bc4 e6 3. Qf3 d6 4. Bb5+ Nc6 5. Nh3 Be7 6. O-O Bd7 7. Bxc6 Bxc6 8.
Nc3 Nf6 9. d3 O-O 10. Qg3 Nh5 11. Qg4 g6 12. Nf4 Nxf4 13. Bxf4 f5 14. exf5 exf5
15. Qe2 Re8 16. Qe6+ Kg7 17. Nd5 Bxd5 18. Qxd5 Qc7 19. Qe6 Bf8 20. Qd5 1-0

[Event "Challenge"]
[Site "http://www.queenalice.com/game.php?id=1481544"]
[Date "2017.6.8"]
[Round "-"]
[White "cerebro"]
[Black "eduardofelix"]
[Result "0-1"]
[WhiteElo "2018"]
[BlackElo "1899"]

1. e4 e5 2. Nf3 d6 3. Bc4 h6 4. O-O a6 5. d4 f6 6. Nh4 Ne7 7. Qh5+ Kd7 8. Ng6
Nxg6 9. Qxg6 Qe7 10. b3 c6 11. Ba3 b6 12. Nc3 a5 13. d5 c5 14. Bb5+ Kc7 15. Na4
Ba6 16. c4 Bxb5 17. cxb5 Qd7 18. Rac1 Qxb5 19. Nc3 Qd7 20. Bb2 b5 21. a4 b4 22.
Nb5+ Kd8 23. Rfe1 h5 24. f3 h4 25. h3 Rh6 26. Qf5 Qxf5 27. exf5 Rh5 28. Re4 Nd7
29. Kf2 Be7 30. Rc2 Nb6 31. Rd2 c4 32. bxc4 Nxa4 33. Rg4 Bf8 34. Nxd6 Bxd6 35.
Rxg7 Kc8 36. Ba1 Nc5 37. Rf7 Rxf5 38. g3 Ne4+ 39. Ke3 Nxd2 40. Kxd2 hxg3 0-1

[Event "Challenge"]
[Site "http://www.queenalice.com/game.php?id=1484318"]
[Date "2017.6.29"]
[Round "-"]
[White "eduardofelix"]
[Black "cerebro"]
[Result "0-1"]
[WhiteElo "1934"]
[BlackElo "1997"]

1. e4 e5 2. a3 Nf6 3. Nf3 d6 4. c3 Nc6 5. d3 Be7 6. h3 O-O 7. b4 d5 8. exd5 Qxd5
9. Be2 e4 10. dxe4 Qxe4 11. Nbd2 Qf5 12. Nc4 Be6 13. O-O Rad8 14. Bd2 Bxc4 15.
Bxc4 Ne5 16. Nxe5 Qxe5 17. Re1 Ne4 18. f3 Bd6 19. f4 Qe7 20. Qf3 Rfe8 21. Bd5
Nxd2 22. Rxe7 Nxf3+ 23. Bxf3 Rxe7 24. Bxb7 Bxf4 25. c4 Bg3 26. Bf3 Rde8 27. Rf1
Re1 28. Bd5 Rxf1+ 29. Kxf1 Re1# 0-1